Caricamento...

Kolakkayarinte kurukkuvare

Dettagli Bibliografici
Autore principale: Yaspal
Natura: Printed Book
Lingua:Malayalam
Pubblicazione: D.C. Book House D.C. Book House 1988
LEADER 00454nam a2200121Ia 4500
008 111205s9999 xx 000 0 mal d
100 |a Yaspal 
245 |a Kolakkayarinte kurukkuvare  |c Yaspal 
260 |b D.C. Book House  |a D.C. Book House  |c 1988 
300 |a 138 
942 |c BK 
999 |c 206943  |d 206943 
952 |0 0  |1 0  |2 ddc  |4 0  |6 891_000000000000000_433Y1_092_KOL  |7 0  |9 228859  |a MAL  |b MAL  |c ST1  |d 1973-01-15  |g 14.00  |l 0  |o 891.433Y1 092 KOL  |p MAL21220  |r 2011-12-05  |v 14.00  |w 2011-12-05  |y BK